Les membres de la Why Tea Fam - Statistiques

Statistiques générales
  • Ce quiz a été pris 17 fois
  • Le résultat moyen est 7 sur 12
Statistiques - réponses
Hint Réponse % Correct
- Jigmé
100%
- Andy
94%
- Aziatomik
75%
- Henry Tran
75%
- Kévin Tran
75%
- Patlarea
69%
- Jérémy nadeau
50%
- Florian Nguyen
44%
- Jimmyfaitlcon
44%
- Brice Duan
31%
- Nad Rich Hard
31%
- Avner
25%
Aucun quiz correspondant
Distribution des résultats
% des personnes avec chaque résultat
Percentile par nombre de réponses
Votre historique - résultats
Vous n’avez pas pris ce quiz